书目信息 |
| 题名: |
JSP动态网站开发基础练习+典型案例
|
|
| 作者: | 唐有明 , 吴华 编著 | |
| 分册: | ||
| 出版信息: | 北京 清华大学出版社 2006.08 |
|
| 页数: | 338页 | |
| 开本: | 26cm | |
| 丛书名: | 清华电脑学堂 | |
| 单 册: | ||
| 中图分类: | TP393.092 | |
| 科图分类: | ||
| 主题词: | 互联网络--hu lian wang luo--程序设计 | |
| 电子资源: | ||
| ISBN: | 7-302-13322-0 | |
| 000 | 00999nam 2200265 450 | |
| 001 | 012006917531 | |
| 005 | 20061129152547.14 | |
| 010 | @a7-302-13322-0@dCNY35.00 (含光盘) | |
| 100 | @a20061110d2006 km y0chiy0120 ea | |
| 101 | 0 | @achi |
| 102 | @aCN@b110000 | |
| 105 | @aa z 000yy | |
| 200 | 1 | @aJSP动态网站开发基础练习+典型案例@AJSP dong tai wang zhan kai fa ji chu lian xi+dian xing an li@f唐有明, 吴华等编著@Ftang you ming,wu hua deng bian zhu |
| 210 | @a北京@c清华大学出版社@d2006.08 | |
| 215 | @a338页@c图@d26cm@e光盘1片 | |
| 225 | 2 | @a清华电脑学堂@Aqing hua dian nao xue tang |
| 307 | @a光盘: ISBN 7-89486-053-0 | |
| 330 | @a本书主要介绍了JSP的入门知识、JSP程序设计基础知识、JSP页面元素、JSP脚本元素、JSP声明、JSP内置对象等内容。 | |
| 410 | 0 | @12001 @a清华电脑学堂 |
| 606 | 0 | @a互联网络@Ahu lian wang luo@x程序设计 |
| 690 | @aTP393.092@v4 | |
| 701 | 0 | @a唐有明@Atang you ming@4编著 |
| 701 | 0 | @a吴华@Awu hua@4编著 |
| 801 | 0 | @aCN@c20061129 |
| 905 | @apdsgxy@dTP393.092@eT274 | |
| JSP动态网站开发基础练习+典型案例/唐有明, 吴华等编著.-北京:清华大学出版社,2006.08 |
| 338页:图;26cm+光盘1片.-(清华电脑学堂) |
| ISBN 7-302-13322-0:CNY35.00 (含光盘) |
| 本书主要介绍了JSP的入门知识、JSP程序设计基础知识、JSP页面元素、JSP脚本元素、JSP声明、JSP内置对象等内容。 |
| ● |
| 相关链接 |
|
|
|
正题名:JSP动态网站开发基础练习+典型案例
索取号:TP393.092/T274
 
预约/预借
| 序号 | 登录号 | 条形码 | 馆藏地/架位号 | 状态 | 备注 |
| 1 | 227207 | 202272076 | 自科库301/ [索取号:TP393.092/T274] | 在馆 | |
| 2 | 227208 | 202272085 | 自科库301/301自科库 128排2列5层/ [索取号:TP393.092/T274] | 在馆 | |
| 3 | 227209 | 202272094 | 自科库301/301自科库 128排2列5层/ [索取号:TP393.092/T274] | 在馆 |